| 000 | 00364nam a22001457a 4500 | ||
|---|---|---|---|
| 008 | 250218b |||||||| |||| 00| 0 eng d | ||
| 020 | _a0072314516 | ||
| 050 |
_aHD30 _b.C66 |
||
| 100 | _aCOOPER, R. Donald | ||
| 245 | _aBusiness Research Methods | ||
| 250 | _a7th | ||
| 260 |
_aNew York _bMc-Graw Hill/Irwin Companies _c2001 |
||
| 300 | _aviii, 798p. | ||
| 942 | _cBK | ||
| 999 |
_c1976 _d1976 |
||